00730nam a22002057a 4500003000500000005001700005008004100022010001000063011001000073035001000083040000900093100002600102245011000128260004300238300002000281502010500301650004600406650004200452650003000494CHAP20220329140540.0971013s1986 r 00010 d a53724 a54696 a58847 cCHAP00aRuiz Ledesma, Javier. aMonopolios transnacionales y progreso científico técnicob: la producción de hortalizas en el Bajio aChapingo, Méx. :bEl autor,c(1986?) a111 p.b: ilus. aTesis (M. C. Esp. en Economía del Desarrollo Rural) -- UACH. Departamento de Economía Agrícola14aAgriculturaxInnovaciones tecnológicas.14aEmpresas comerciales internacionales.14aHorticulturaxGuanajuato.